[Event "3rd Asian Indoor Team Rapid Prelim"]
[Site "Ha Long City VIE"]
[Date "2009.11.05"]
[Round "6"]
[White "Dao Thien Hai"]
[Black "Al Sayed,Mohamad"]
[Result "1-0"]
[WhiteElo "2524"]
[BlackElo "2504"]

1.d4 d5 2.c4 c6 3.Nf3 Nf6 4.Nc3 e6 5.e3 Nbd7 6.Qc2 Bd6 7.g4 Nxg4 8.Rg1 f5
9.h3 Ngf6 10.Rxg7 Ne4 11.Bd2 Nf8 12.Rg1 Ng6 13.Be2 Bd7 14.Rf1 Qf6 15.O-O-O Bc7
16.Kb1 O-O-O 17.Be1 Kb8 18.Rc1 Rhg8 19.Ka1 Rc8 20.Qb3 Ka8 21.Qa3 f4 22.Nxe4 dxe4
23.Nd2 f3 24.Bd1 Qh4 25.Rg1 e5 26.Bc2 Bf5 27.Nxf3 Qxh3 28.Nxe5 Nxe5 29.Rxg8 Rxg8
30.dxe5 Re8 31.Bc3 h5 32.Bd4 Bb8 33.b4 Qh4 34.b5 Qe7 35.Qa4 c5 36.Bb2 Bxe5
37.Rh1 h4 38.b6 a6 39.Qb3 h3 40.f3 Rg8 41.f4 Bf6 42.Kb1 Rg6 43.a4 Qg7 44.Bxf6 Qxf6
45.a5 Rg2 46.Qb2 Qxb2+ 47.Kxb2 Kb8 48.Kc3 h2 49.Bd1 Bg6 50.Bg4 Rf2 51.Rd1  1-0

[Event "Russia Cup"]
[Site "St Petersburg RUS"]
[Date "2009.11.05"]
[Round "2.1"]
[White "Melkumyan,H"]
[Black "Grachev,B"]
[Result "0-1"]
[WhiteElo "2585"]
[BlackElo "2652"]

1.d4 d5 2.c4 c6 3.Nc3 Nf6 4.e3 e6 5.Nf3 Nbd7 6.Bd3 dxc4 7.Bxc4 b5 8.Bd3 Bd6
9.O-O O-O 10.Qc2 Bb7 11.e4 e5 12.h3 Re8 13.dxe5 Nxe5 14.Nxe5 Bxe5 15.Be3 a6
16.Rfd1 Qc7 17.b4 h6 18.Rac1 Bxc3 19.Qxc3 Nxe4 20.Qb2 Rad8 21.Bb1 Rxd1+ 22.Rxd1 c5
23.bxc5 Qc6 24.f3 Nxc5 25.Qf2 Na4 26.Be4 Qc7 27.Rc1 Qe7 28.Bxb7 Qxb7 29.Bd4 Qd5
30.a3 Qd6 31.Rc2 Rd8 32.Bc5 Qc7 33.Bd4 Qd6 34.Bc5 Nxc5 35.Rxc5 Qf4 36.g3 Rd1+
37.Kg2 Qd6 38.Rc8+ Kh7 39.Rc2 Qxa3 40.h4 Qd3 41.Rb2 b4 42.g4 b3 43.Kg3 Rf1
44.Qg2 Qd6+ 45.Kh3 Qd1 46.Kh2 Qe1  0-1

[Event "World Seniors"]
[Site "Condino ITA"]
[Date "2009.11.06"]
[Round "10"]
[White "Pushkov,N"]
[Black "Klundt,K"]
[Result "1-0"]
[WhiteElo "2499"]
[BlackElo "2337"]

1.d4 d5 2.c4 c6 3.Nf3 Nf6 4.e3 e6 5.Nc3 Nbd7 6.Qc2 Bd6 7.Bd3 O-O 8.O-O b6
9.e4 dxc4 10.Bxc4 e5 11.d5 Bb7 12.dxc6 Bxc6 13.Rd1 Qc7 14.Bg5 h6 15.Bh4 Bb4
16.Rac1 Rac8 17.Nd5 Bxd5 18.exd5 b5 19.Bb3 Qxc2 20.Rxc2 Rxc2 21.Bxc2 Rc8
22.Bf5 Rc4 23.Bxf6 Nxf6 24.Nxe5 Rf4 25.Bc2 Bd6 26.Nf3 Kf8 27.Kf1 Ke7 28.Ke2 Rc4
29.Nd4 Bc5 30.Nf5+ Kf8 31.Bb3 Rf4 32.Ne3 Ne4 33.f3 Nd6 34.Rc1 Bb6 35.g3 Rf6
36.Ng4 Rf5 37.f4 Nc4 38.Bxc4 bxc4 39.Rd1 f6 40.Kf3 Rh5 41.h4 Ke7 42.Ne3 Bxe3
43.Kxe3 Kd6 44.Ke4 g5 45.hxg5 hxg5 46.Rd2 Rh3 47.fxg5 fxg5 48.Kf3 Rh1 49.Kg4 Ra1
50.a3 c3 51.bxc3 Rxa3 52.Kxg5 Rxc3 53.g4 a5 54.Kf5 a4 55.g5 Rf3+ 56.Kg4 Rf8
57.g6 a3 58.Ra2 Ra8 59.Kf5 Rf8+ 60.Kg5 Rf3 61.Rd2 Rg3+ 62.Kf6 Rf3+ 63.Kg7 Rb3
64.Kf7 Rb2 65.g7 Rxd2 66.g8=Q Re2 67.Qg3+  1-0

[Event "TCh-AUT 2009-10"]
[Site "Jenbach AUT"]
[Date "2009.11.06"]
[Round "1"]
[White "Schenk,An"]
[Black "Froewis,G"]
[Result "1-0"]
[WhiteElo "2506"]
[BlackElo "2274"]

1.d4 d5 2.c4 e6 3.Nf3 Nf6 4.Nc3 c6 5.e3 Nbd7 6.Bd3 dxc4 7.Bxc4 b5 8.Bd3 Bb7
9.O-O a6 10.e4 c5 11.d5 c4 12.Bc2 Qc7 13.dxe6 fxe6 14.Qe2 Bc5 15.a4 b4 16.e5 Ng4
17.Ne4 O-O 18.Nxc5 Qxc5 19.Bxh7+ Kh8 20.Be4 Bd5 21.Bxd5 exd5 22.e6 Rae8 23.h3 Ngf6
24.b3 Qd6 25.bxc4 Rxe6 26.Be3 Ne4 27.cxd5 Qxd5 28.Rfd1 Qb7 29.Rd4 b3 30.Qb2 Rg6
31.Rxd7 Qxd7 32.Ne5 Qe6 33.Nxg6+ Qxg6 34.Qxb3 Nxf2 35.Bc5 Rf7 36.Rf1  1-0

[Event "Russia Cup"]
[Site "St Petersburg RUS"]
[Date "2009.11.06"]
[Round "2.3"]
[White "Khismatullin,D"]
[Black "Lastin,A"]
[Result "1-0"]
[WhiteElo "2643"]
[BlackElo "2656"]

1.d4 Nf6 2.c4 e6 3.Nf3 d5 4.Nc3 c6 5.e3 Nbd7 6.Qc2 Bd6 7.g4 h6 8.h3 a6 9.c5 Bc7
10.Bd2 b6 11.cxb6 Nxb6 12.Bd3 Bb7 13.Na4 Nfd7 14.Bb4 a5 15.Ba3 Rc8 16.Ke2 e5
17.Nxb6 Bxb6 18.Nxe5 Nxe5 19.dxe5 c5 20.Bb5+ Kf8 21.Qf5 Qe7 22.Rac1 Rc7 23.Rhd1 Kg8
24.e4 g6 25.Qf4 g5 26.Qf6 Qxf6 27.exf6 d4 28.Bd3 h5 29.Rg1 Bc8 30.gxh5 Rxh5
31.f4 c4 32.Bxc4 Rxc4 33.Rxc4 Ba6 34.Rc1 Rxh3 35.Ke1 d3 36.Bc5 Rh1+ 37.Kd2 Rh2+
38.Kc3 Bxc4 39.Bxb6 Bxa2  1-0

[Event "48th XtraCon TCh-DEN 2009-10"]
[Site "Denmark DEN"]
[Date "2009.11.07"]
[Round "1"]
[White "Tudvad,M"]
[Black "Naes,F"]
[Result "0-1"]
[WhiteElo "1919"]
[BlackElo "2262"]

1.d4 d5 2.Nf3 c6 3.e3 Nf6 4.c4 e6 5.Nc3 Nbd7 6.Be2 Be7 7.O-O O-O 8.Qc2 b6
9.b3 Bb7 10.Rd1 Rc8 11.Bb2 Qc7 12.Nd2 Rfd8 13.e4 e5 14.dxe5 Nxe5 15.Nf3 Nxf3+
16.Bxf3 d4 17.Ne2 c5 18.g3 Qe5 19.Nf4 Nxe4 20.Bxe4 Bxe4 21.Qe2 Bd6 22.Re1 Re8
23.f3 Bc6 24.Qd2 Qg5 25.Kf2 Qh6 26.h4 g5 27.Nh3 Bxg3+ 28.Kxg3 gxh4+  0-1

[Event "3rd Asian Indoor Team Rapid S/F"]
[Site "Ha Long City VIE"]
[Date "2009.11.07"]
[Round "2"]
[White "Sasikiran,K"]
[Black "Le Quang Liem"]
[Result "0-1"]
[WhiteElo "2664"]
[BlackElo "2635"]

1.Nf3 Nf6 2.c4 c6 3.Nc3 d5 4.d4 e6 5.e3 Nbd7 6.Qc2 Bd6 7.b3 O-O 8.Be2 b6
9.O-O Bb7 10.Bb2 Qe7 11.Rad1 Rac8 12.Rfe1 c5 13.dxc5 Nxc5 14.Nb5 Bb8 15.Ng5 Nfe4
16.Nxe4 Nxe4 17.Bd3 a6 18.Ba3 Nc5 19.Nd4 dxc4 20.bxc4 h6 21.Bf1 Rfd8 22.f4 e5
23.Nb3 Rxd1 24.Qxd1 Rd8 25.Qh5 exf4 26.Nxc5 bxc5 27.Qxc5 Bd6  0-1

[Event "TCh-SLO East 1st League"]
[Site "Sentjur SLO"]
[Date "2009.11.07"]
[Round "7"]
[White "Pukl,D"]
[Black "Jug,S"]
[Result "0-1"]
[WhiteElo "2117"]
[BlackElo "2040"]

1.d4 d5 2.c4 e6 3.Nc3 Nf6 4.Nf3 c6 5.e3 Nbd7 6.b3 Bb4 7.Bd2 Qe7 8.Be2 O-O
9.O-O Rd8 10.Qc2 dxc4 11.Bxc4 c5 12.a3 cxd4 13.axb4 dxc3 14.Bxc3 b6 15.Rfd1 Bb7
16.Qb2 Nf8 17.Nd2 Ng6 18.Be2 Ne8 19.Bf3 Nh4 20.Bxb7 Qxb7 21.f3 Rd3 22.Ne4 Qd5
23.Nf2 Rxd1+ 24.Rxd1 Qg5 25.Ne4 Qxe3+ 26.Kh1 Nxf3 27.Qf2 Qxe4 28.gxf3 Qc6
29.Bb2 Rc8 30.Rc1 Qb7 31.Rd1 f6 32.Qe2 e5 33.Kg2 Qc6 34.Rd2 Nd6 35.Qd1 Nf5
36.Kf2 b5 37.Qe2 Qb6+ 38.Kg2 Qe3 39.Qxe3 Nxe3+ 40.Kf2 Nd1+ 41.Ke2 Nxb2 42.Rxb2 Rc3  0-1

[Event "Russia Cup w"]
[Site "St Petersburg RUS"]
[Date "2009.11.07"]
[Round "3.1"]
[White "Romanko,M"]
[Black "Stepovaia Dianchenko,T"]
[Result "1/2-1/2"]
[WhiteElo "2449"]
[BlackElo "2384"]

1.d4 d5 2.Nf3 e6 3.c4 c6 4.Nc3 Nf6 5.e3 Nbd7 6.Bd3 dxc4 7.Bxc4 b5 8.Bd3 Bd6
9.a4 b4 10.Ne2 O-O 11.a5 c5 12.O-O Bb7 13.Ng3 Rc8 14.Qe2 Bxg3 15.hxg3 Ne4
16.Rd1 Qc7 17.Bd2 Nxd2 18.Qxd2 Bxf3 19.gxf3 cxd4 20.exd4 Qd6 21.Ra4 Rb8 22.Rc1 Nf6
23.Rc4 Nd5 24.Be4 Rb5 25.Bxd5 Qxd5 26.Raxb4 Rxa5 27.Kg2 h6 28.Ra4 Rxa4  1/2-1/2

[Event "48th XtraCon TCh-DEN 2009-10"]
[Site "Denmark DEN"]
[Date "2009.11.08"]
[Round "2"]
[White "Koch,Sor"]
[Black "Nielsen,Ni"]
[Result "0-1"]
[WhiteElo "2189"]
[BlackElo "2162"]

1.d4 d5 2.Nf3 Nf6 3.c4 c6 4.Nc3 e6 5.e3 Nbd7 6.Qc2 Be7 7.g4 Nf8 8.g5 N6d7
9.Rg1 a6 10.Bd2 b5 11.cxd5 cxd5 12.O-O-O Bb7 13.Kb1 Rc8 14.Qb3 Qc7 15.Rc1 Qd6
16.Bd3 Nb6 17.a4 b4 18.Na2 a5 19.Ne5 Nfd7 20.Rxc8+ Bxc8 21.f4 Nxe5 22.fxe5 Qd8
23.Qd1 Bxg5 24.Qh5  0-1

[Event "48th XtraCon TCh-DEN 2009-10"]
[Site "Denmark DEN"]
[Date "2009.11.08"]
[Round "2"]
[White "Pedersen,Stef"]
[Black "Hove,E"]
[Result "1-0"]
[WhiteElo "2428"]
[BlackElo "2269"]

1.d4 d5 2.c4 c6 3.Nc3 Nf6 4.e3 e6 5.Nf3 Nbd7 6.Qc2 Be7 7.Bd3 O-O 8.O-O h6
9.b3 b6 10.Bb2 Bb7 11.Rad1 Qb8 12.Rfe1 Rd8 13.e4 dxe4 14.Nxe4 Nxe4 15.Bxe4 Nf6
16.Bd3 Qc7 17.Qe2 Bb4 18.Rf1 Qe7 19.Bb1 Ba3 20.Ba1 Bd6 21.Qc2 g6 22.Rfe1 Bb4
23.Re2 Nh5 24.Ne5 Qg5 25.h4 Qf5 26.Qc1 Qf4 27.Re3 Bd6 28.g3 Qf6 29.Rf3 Bxe5
30.Rxf6 Bxf6 31.Qxh6 Bg7 32.Qe3 c5 33.Bc2 cxd4 34.Bxd4 e5 35.Bc3 Rxd1+ 36.Bxd1 Rd8
37.Be2 e4 38.Bxg7 Nxg7 39.g4 Ne6 40.Kh2 Kg7 41.Bf1 Rd1 42.Qc3+ Kg8 43.Be2 Rd8
44.Qe5 Bc6 45.Bf1 Rd2 46.Kg3 Rxa2 47.Qd6 Be8 48.Bg2 Rb2 49.Bxe4 Rxb3+ 50.f3 a5
51.h5 gxh5 52.gxh5 Nf8 53.h6  1-0

[Event "TCh-AUT 2009-10"]
[Site "Jenbach AUT"]
[Date "2009.11.08"]
[Round "3"]
[White "Froewis,G"]
[Black "Volkmann,F"]
[Result "0-1"]
[WhiteElo "2274"]
[BlackElo "2404"]

1.d4 d5 2.Nf3 Nf6 3.c4 c6 4.Nc3 e6 5.e3 Nbd7 6.Bd3 dxc4 7.Bxc4 b5 8.Bd3 Bb7
9.O-O a6 10.e4 c5 11.d5 Qc7 12.Bc2 Bd6 13.dxe6 fxe6 14.Ng5 Nf8 15.f4 O-O-O
16.Qe2 h6 17.Nh3 e5 18.f5 N8d7 19.Nf2 Nb8 20.Be3 Nc6 21.Rfc1 Nd4 22.Qf1 Kb8
23.Bd3 c4 24.Be2 Bc5 25.Kh1 Nb3 26.axb3 Bxe3 27.bxc4 Bxc1 28.Rxc1 bxc4 29.Bxc4 Rd2
30.Nd5 Nxd5 31.exd5 Rc8 32.b3 Bxd5 33.Qe1 Rd4 34.Qb4+ Ka7  0-1

[Event "Tal Memorial"]
[Site "Moscow RUS"]
[Date "2009.11.08"]
[Round "4"]
[White "Carlsen,M"]
[Black "Aronian,L"]
[Result "1/2-1/2"]
[WhiteElo "2801"]
[BlackElo "2786"]

1.d4 d5 2.c4 c6 3.Nf3 Nf6 4.Nc3 e6 5.e3 Nbd7 6.Bd3 dxc4 7.Bxc4 b5 8.Bd3 Bd6
9.Nd2 Bb7 10.Nce4 Be7 11.Nxf6+ Nxf6 12.O-O O-O 13.Nb3 c5 14.dxc5 Qd5 15.f3 Rfd8
16.Be2 Qe5 17.Qe1 Bd5 18.Qc3 Qxc3 19.bxc3 Bxb3 20.axb3 Nd5 21.b4 Nxc3 22.Kf2 a5
23.Rxa5 Rxa5 24.bxa5 Bxc5 25.Bb2 Nxe2 26.Kxe2 Bb4 27.Ra1 Rd2+ 28.Kf1 Rxb2
29.a6 Bc5 30.Rc1 g6 31.Rxc5 Ra2 32.Rxb5 Rxa6  1/2-1/2

[Event "TCh-SLO East 1st League"]
[Site "Sentjur SLO"]
[Date "2009.11.08"]
[Round "9"]
[White "Rajkovic,R"]
[Black "Studnicka,Toma"]
[Result "1-0"]
[WhiteElo "2034"]
[BlackElo "2320"]

1.Nf3 Nf6 2.d4 d5 3.e3 c6 4.c4 e6 5.Nc3 Nbd7 6.Bd3 Bd6 7.O-O O-O 8.Qc2 Re8
9.e4 dxe4 10.Nxe4 Nxe4 11.Bxe4 Nf6 12.Bg5 h6 13.Bh4 Be7 14.Bd3 Nh5 15.Bxe7 Qxe7
16.Rfe1 Rd8 17.Rad1 b6 18.Ne5 Bb7 19.c5 bxc5 20.dxc5 Nf4 21.Be4 Rxd1 22.Rxd1 Nd5
23.Bh7+ Kh8 24.Bg6 Rf8 25.Bxf7 Nf4 26.Ng6+ Nxg6 27.Bxg6 Rd8 28.Rxd8+ Qxd8
29.Qd3 Qd5 30.Be4 Qxd3 31.Bxd3 g5 32.Be4 Kg7 33.b4 a6 34.Kf1 Kf6 35.Ke2 e5
36.a4 Ke6 37.Ke3 Kd7 38.b5 axb5 39.axb5 Kc7 40.b6+ Kd7 41.Bf5+ Ke7 42.Bd3 Ke6
43.Ke4 Kf6 44.Bc4 Bc8 45.Bg8 Bb7 46.Bh7 Bc8  1-0

[Event "World Youth U18"]
[Site "Antalya TUR"]
[Date "2009.11.12"]
[Round "1"]
[White "Jorczik,J"]
[Black "Janev,P"]
[Result "1-0"]
[WhiteElo "2368"]
[BlackElo "1990"]

1.d4 d5 2.c4 c6 3.Nf3 Nf6 4.Nc3 e6 5.e3 Nbd7 6.Qc2 Bd6 7.b3 Qe7 8.Be2 a6
9.O-O b5 10.e4 dxe4 11.Nxe4 Nxe4 12.Qxe4 Bb7 13.c5 Bc7 14.Bg5 Nf6 15.Qh4 h6
16.Ne5 Rh7 17.Bxf6 gxf6 18.Qe4 f5 19.Qe3 O-O-O 20.Bf3 Qg5 21.Nxc6 Rg8 22.Rfe1 Qh4
23.Ne5 Bxe5 24.dxe5 f4 25.Bxb7+ Kxb7 26.Qe4+ Ka7 27.Qxh7  1-0

[Event "Russia Cup w"]
[Site "St Petersburg RUS"]
[Date "2009.11.12"]
[Round "5.2"]
[White "Turova,I"]
[Black "Stepovaia Dianchenko,T"]
[Result "1/2-1/2"]
[WhiteElo "2384"]
[BlackElo "2384"]

1.d4 d5 2.c4 e6 3.Nc3 Nf6 4.Nf3 c6 5.e3 Nbd7 6.Qc2 Bd6 7.b3 O-O 8.Be2 Re8
9.O-O dxc4 10.bxc4 e5 11.Rd1 Qe7 12.h3 e4 13.Nd2 Nf8 14.c5 Bc7 15.a4 Ng6
16.f3 exf3 17.Nxf3 Nd5 18.Nxd5 cxd5 19.Bd3 Bd7 20.a5 a6 21.Rf1  1/2-1/2

[Event "Russia Cup w"]
[Site "St Petersburg RUS"]
[Date "2009.11.12"]
[Round "5.3"]
[White "Turova,I"]
[Black "Stepovaia Dianchenko,T"]
[Result "1-0"]
[WhiteElo "2384"]
[BlackElo "2384"]

1.d4 d5 2.c4 e6 3.Nc3 Nf6 4.Nf3 c6 5.e3 Bd6 6.Qc2 Nbd7 7.b3 O-O 8.Be2 Re8
9.O-O dxc4 10.bxc4 e5 11.Rd1 Qe7 12.Rb1 e4 13.Nd2 Nf8 14.c5 Bb8 15.Nc4 Be6
16.Nd6 Bxd6 17.cxd6 Qxd6 18.Rxb7 Bd5 19.Nxd5 cxd5 20.Qa4 Rec8 21.Ba3 Qc6
22.Qxc6 Rxc6 23.Bc5 a6 24.Rdb1 N6d7 25.Bxf8 Nxf8 26.Bd1 Rac8 27.Kf1 Rd6 28.Ra7 Ne6
29.Rbb7 Rf8 30.Bb3 g6 31.Rd7 Rxd7 32.Rxd7 Rc8 33.Rxd5 Rc1+ 34.Ke2 Rh1 35.h3 Rh2
36.Re5 Rxg2 37.Rxe4 Ng5 38.Re8+ Kg7 39.d5 Nxh3 40.d6  1-0

[Event "Bundesliga 2009-10"]
[Site "Bremen GER"]
[Date "2009.11.13"]
[Round "7"]
[White "Fressinet,L"]
[Black "Kempinski,R"]
[Result "1/2-1/2"]
[WhiteElo "2658"]
[BlackElo "2616"]

1.d4 d5 2.c4 c6 3.Nc3 Nf6 4.Nf3 e6 5.e3 a6 6.c5 b6 7.cxb6 Nbd7 8.Bd3 c5 9.O-O Qxb6
10.b3 cxd4 11.exd4 Bd6 12.Na4 Qa7 13.Bb2 Bb7 14.Rc1 O-O 15.Nc5 a5 16.Ne5 Nxc5
17.dxc5 Bxc5 18.Nd7 Nxd7 19.Bxh7+ Kxh7 20.Qh5+ Kg8 21.Bxg7 Kxg7 22.Qg5+ Kh7
23.Qh5+ Kg7 24.Qg5+ Kh7 25.Rc3 Be3 26.Rxe3 Qxe3 27.fxe3 f6 28.Qh4+ Kg7 29.Qg3+ Kf7
30.Qc7 Bc8 31.Rf3 a4 32.b4 Rb8 33.a3 Rb7 34.Qd6 Rb6 35.Qc7 Rb7 36.Qd6 Rb6
37.Qc7  1/2-1/2

[Event "World Youth U18"]
[Site "Antalya TUR"]
[Date "2009.11.14"]
[Round "3"]
[White "Jorczik,J"]
[Black "Salgado Lopez,I"]
[Result "0-1"]
[WhiteElo "2368"]
[BlackElo "2562"]

1.d4 Nf6 2.c4 e6 3.Nf3 d5 4.Nc3 c6 5.e3 Nbd7 6.Qc2 Bd6 7.b3 O-O 8.Be2 dxc4
9.bxc4 e5 10.O-O Re8 11.Rd1 Qe7 12.a4 exd4 13.exd4 Nf8 14.h3 Ng6 15.Bf1 Qc7
16.Rb1 Bd7 17.Rb3 Rad8 18.Bg5 Be7 19.Qb1 Bc8 20.Bd3 b6 21.Rb2 Be6 22.Bf1 Qc8
23.Rbd2 h6 24.Be3 Bf5 25.Qb3 Ne4 26.Ra2 Qc7 27.Bd3 Nd6 28.Qc2 Qc8 29.a5 Bxd3
30.Qxd3 Nf5 31.axb6 axb6 32.Re2 Bf6 33.Bc1 Rxe2 34.Nxe2 Nxd4 35.Nexd4 c5
36.Be3 cxd4 37.Bxd4 Ne5 38.Nxe5 Bxe5 39.Qe3 Qc5 40.Qxe5 Qxe5 41.Bxe5 Rxd1+
42.Kh2 f6 43.Bc7 Rb1  0-1

[Event "FSGM November"]
[Site "Budapest HUN"]
[Date "2009.11.14"]
[Round "8"]
[White "Farago,I"]
[Black "Varga,Zo"]
[Result "1/2-1/2"]
[WhiteElo "2497"]
[BlackElo "2486"]

1.d4 d5 2.c4 c6 3.Nf3 Nf6 4.Nc3 e6 5.e3 Nbd7 6.Qc2 Bd6 7.Bd3 O-O 8.O-O dxc4
9.Bxc4 a6 10.a4 c5 11.dxc5 Nxc5 12.Rd1 Qc7 13.a5 Ncd7 14.b3 Rd8 15.Bb2 b5
16.axb6 Nxb6 17.Bd3 Bb7 18.Ne4 Nxe4 19.Bxe4 Qxc2 20.Bxc2 a5 21.Bd4 Nd5 22.Be4 f6
23.Bb6 Nxb6 24.Bxb7 Ra7 25.Be4 Rad7 26.Kf1 Bb4 27.Ke2 Rxd1 28.Rxd1 Rxd1 29.Kxd1 Nd7  1/2-1/2

[Event "South Bohemia Open"]
[Site "Cesky Krumlov CZE"]
[Date "2009.11.14"]
[Round "1"]
[White "Moronga,J"]
[Black "Vales,V"]
[Result "0-1"]
[WhiteElo "1862"]
[BlackElo "2173"]

1.c4 c6 2.d4 d5 3.e3 Nf6 4.Nc3 e6 5.Nf3 Nbd7 6.Bd3 Bb4 7.a3 Ba5 8.b4 Bc7
9.e4 dxc4 10.Bxc4 e5 11.d5 Nb6 12.Bb3 cxd5 13.Nxd5 Nfxd5 14.Bxd5 Nxd5 15.Qxd5 Qxd5
16.exd5 O-O 17.O-O Rd8 18.Be3 Rxd5 19.Rfd1 Rxd1+ 20.Rxd1 f6 21.Nd2 Be6 22.Ne4 b6
23.Rc1 Rd8 24.f3 Bb8 25.g4 Kf7 26.h4 Rd3 27.Rc3 Rxc3 28.Nxc3 Bc4 29.Kf2 Ke6
30.Ne4 Bd3 31.Nc3 Bd6 32.Nd1 Kd5 33.Nb2 Ba6 34.Ke1 g6 35.Kd2 f5 36.Ke1 fxg4
37.fxg4 Ke4 38.Kf2 Be7 39.g5 Bd6 40.Nd1 Kd3 41.Ke1 e4 42.Bg1 Bg3+ 43.Nf2+ Ke3  0-1

[Event "Bundesliga 2009-10"]
[Site "Muelheim GER"]
[Date "2009.11.14"]
[Round "3"]
[White "Scholz,C"]
[Black "Schulz,KJ"]
[Result "1-0"]
[WhiteElo "2373"]
[BlackElo "2385"]

1.d4 d5 2.Nf3 Nf6 3.c4 e6 4.Nc3 c6 5.e3 Nbd7 6.Qc2 Bd6 7.g4 h6 8.Rg1 dxc4
9.Bxc4 b5 10.Bb3 Bb7 11.g5 hxg5 12.Nxg5 Qe7 13.e4 Bxh2 14.Rh1 O-O-O 15.e5 Bxe5
16.Rxh8 Rxh8 17.dxe5 Nxe5 18.a4 Nd5 19.Bxd5 exd5 20.Kf1 d4 21.Qf5+ Nd7 22.Nce4 c5
23.Qxf7 Rh1+ 24.Ke2 d3+ 25.Kd2 Qe5 26.Qf5  1-0

[Event "World Youth U18"]
[Site "Antalya TUR"]
[Date "2009.11.16"]
[Round "5"]
[White "Piorun,K"]
[Black "Pavlidis,Ana"]
[Result "1-0"]
[WhiteElo "2475"]
[BlackElo "2300"]

1.d4 d5 2.c4 c6 3.Nc3 Nf6 4.Nf3 e6 5.e3 Nbd7 6.Qc2 Bd6 7.g4 Bb4 8.Bd2 Bxc3
9.Bxc3 Ne4 10.cxd5 exd5 11.Bd3 Nxc3 12.bxc3 Qf6 13.Ke2 Nf8 14.Rag1 Be6 15.Rg3 Qe7
16.Qa4 Nd7 17.g5 c5 18.Rb1 b6 19.Rxb6 O-O 20.Rb1 c4 21.Bc2 a5 22.Kd2 f5 23.Rgg1 Qd6
24.Rb7 f4 25.Re1 Rad8 26.Kc1 Bg4 27.Ng1 Rb8 28.Rxb8 Rxb8 29.Qxa5 Bf5 30.Ne2 fxe3
31.fxe3 Bxc2 32.Kxc2 Qc6 33.a3 h6 34.Ng3 Ra8 35.Qb4 Rb8 36.Qe7 Nb6 37.gxh6 gxh6
38.Rb1 Qg6+ 39.e4  1-0

[Event "World Youth U18"]
[Site "Antalya TUR"]
[Date "2009.11.16"]
[Round "5"]
[White "Hansen,Eric"]
[Black "Salgado Lopez,I"]
[Result "0-1"]
[WhiteElo "2409"]
[BlackElo "2562"]

1.d4 Nf6 2.Nf3 d5 3.c4 e6 4.Nc3 c6 5.e3 Nbd7 6.Qc2 Bd6 7.Bd3 O-O 8.O-O a6
9.b3 e5 10.cxd5 cxd5 11.e4 exd4 12.Nxd5 Nxd5 13.exd5 Nf6 14.Bb2 Bg4 15.Nxd4 Rc8
16.Qb1 Rc5 17.Nf5 Rxd5 18.Nxd6 Qxd6 19.Bxf6 Rxd3 20.Be7 Qg6 21.Qc1 h6 22.Bh4 Bf3
23.Bg3 Bc6 24.Re1 Rfd8 25.Qf4 R8d4 26.Qe5 h5 27.h4 Rxh4 28.Rad1 Rxd1 29.Rxd1 Re4
30.Qb8+ Kh7 31.Rd8 Re1+ 32.Kh2 Qf5 33.Rh8+ Kg6 34.f3 Re7 35.Bf2 Bxf3 36.Qg3+ Bg4  0-1

[Event "World Blitz"]
[Site "Moscow RUS"]
[Date "2009.11.16"]
[Round "7"]
[White "Mamedyarov,S"]
[Black "Karjakin,Sergey"]
[Result "0-1"]
[WhiteElo "2719"]
[BlackElo "2723"]

1.d4 d5 2.c4 c6 3.Nc3 Nf6 4.e3 e6 5.Nf3 Nbd7 6.Qc2 Bd6 7.g4 h6 8.h3 a6 9.c5 Bc7
10.Bd2 b6 11.cxb6 Nxb6 12.Bd3 Bd6 13.e4 dxe4 14.Nxe4 Nxe4 15.Bxe4 Bd7 16.Ba5 Qc7
17.O-O O-O 18.Ne5 Bxe5 19.dxe5 Rac8 20.Rfd1 Rfd8 21.Rd6 Be8 22.Rad1 Rb8 23.Qc5 Rdc8
24.R1d3 Na4 25.Bxc7 Nxc5 26.Bxb8 Nxd3 27.Bxd3 Rxb8 28.b3 a5 29.f4 Kf8 30.Rd4 c5
31.Rd6 a4 32.bxa4 Bxa4 33.Ra6 Rb4 34.Ra8+ Ke7 35.Rc8 Rxf4 36.Rxc5 Bd7 37.Bc2 Rf3
38.Kg2 Ra3 39.Bb3 Ba4 40.Rc7+ Ke8 41.Bc4 g5 42.Rc8+ Ke7 43.Rc7+ Ke8 44.Rc8+ Kd7
45.Rf8 Ke7 46.Rc8 Bc2 47.Rc7+ Kf8 48.Rc8+ Kg7 49.Rc7 Rc3 50.Kf2 Bd3  0-1

[Event "FSGM November"]
[Site "Budapest HUN"]
[Date "2009.11.17"]
[Round "11"]
[White "Paschall,W"]
[Black "Farago,I"]
[Result "1/2-1/2"]
[WhiteElo "2386"]
[BlackElo "2497"]

1.d4 d5 2.c4 c6 3.e3 Nf6 4.Nc3 e6 5.Nf3 Nbd7 6.Bd3 dxc4 7.Bxc4 b5 8.Bd3 a6
9.O-O c5 10.dxc5 Nxc5 11.Be2 Bb7 12.Qxd8+ Rxd8 13.Rd1 Rxd1+ 14.Nxd1 Bd6 15.b3 Nd5
16.Bb2 f6 17.Nc3 Nxc3 18.Bxc3 Ne4 19.Be1 Ba3 20.Nd4 e5 21.Nc2  1/2-1/2

[Event "South Bohemia Open"]
[Site "Cesky Krumlov CZE"]
[Date "2009.11.17"]
[Round "4"]
[White "Lauko,M"]
[Black "Skalicky,T"]
[Result "1-0"]
[WhiteElo "1984"]
[BlackElo "1756"]

1.d4 d5 2.c4 e6 3.Nf3 Nf6 4.Nc3 c6 5.e3 Nbd7 6.Qc2 Be7 7.Bd3 dxc4 8.Bxc4 b5
9.Bd3 a6 10.O-O Bb7 11.Ne4 Qb6 12.a3 c5 13.dxc5 Nxc5 14.Nxc5 Bxc5 15.b4 Be7
16.Bb2 Rc8 17.Bd4 Rxc2 18.Bxb6 Rc6 19.Bd4 O-O 20.Ne5 Rcc8 21.Rac1 Bd6 22.Be2 Rfd8
23.f4 Nd7 24.Rxc8 Bxc8 25.Nc6 Re8 26.Rd1 Nb8 27.Na5 Bc7 28.Nb3 Nd7 29.Rc1 Bb8
30.Kf2 e5 31.fxe5 Bxe5 32.Bg4 Bxd4 33.exd4 Ne5 34.Be2 Nd7 35.Rc7 Kf8 36.Nc5 Nb8
37.d5 Bf5 38.Bf3 Rd8 39.Ra7 Bc8 40.Ra8  1-0

[Event "World Youth U18"]
[Site "Antalya TUR"]
[Date "2009.11.18"]
[Round "7"]
[White "Bogner,S"]
[Black "Shreyansh,D"]
[Result "1/2-1/2"]
[WhiteElo "2504"]
[BlackElo "2236"]

1.d4 d5 2.c4 c6 3.Nc3 Nf6 4.e3 e6 5.Nf3 Nbd7 6.Qc2 Bd6 7.b3 O-O 8.Be2 Re8
9.O-O Qe7 10.Bb2 dxc4 11.bxc4 e5 12.a4 e4 13.Nd2 Nf8 14.c5 Bc7 15.Nc4 Ng4
16.h3 Nh2 17.Nd6 Nf3+ 18.Kh1 Bxd6 19.Nxe4 Bc7 20.Nd6 Nxd4 21.Bxd4 Bxd6 22.cxd6 Qxd6
23.Rfd1 Qh6 24.Bf1 Ng6 25.a5 Nh4 26.e4 Qg6 27.Ra3 f6 28.Rg3 Qf7 29.a6 Ng6
30.axb7 Qxb7 31.h4 c5 32.Bc4+ Be6 33.Bxf6 gxf6 34.h5 Kg7 35.Bd5 Bxd5 36.exd5 Qf7
37.Qxc5 Re5 38.hxg6 hxg6 39.Kg1 Rd8 40.Rgd3 Qe7 41.Qc1 Qd6 42.Rh3 g5 43.Qb1 Rh8
44.Rxh8 Kxh8 45.Qb7 Re7 46.Qc6 Rd7 47.Rb1 Qe7 48.Kf1 Kg7 49.Rb8 Kg6 50.Qc2+ Kg7
51.Qc8 Kg6 52.Qg8+ Qg7 53.Qe6 Qf7 54.Rg8+ Kh7 55.Qxf7+ Rxf7 56.Rd8 Re7 57.Rd6 Kg7
58.Rc6 Kf7 59.g4 Rd7 60.Rc5 Ke7 61.Ke2 Kd6 62.Rc6+ Ke7 63.Rc5 Kd6 64.Ra5 Ke5
65.Ke3 Rxd5 66.Rxa7 Rb5 67.Re7+ Kd6 68.Re4 f5  1/2-1/2

[Event "FSGM November"]
[Site "Budapest HUN"]
[Date "2009.11.19"]
[Round "13"]
[White "Paschall,W"]
[Black "Varga,Zo"]
[Result "1/2-1/2"]
[WhiteElo "2386"]
[BlackElo "2486"]

1.Nf3 Nf6 2.c4 e6 3.e3 d5 4.d4 c6 5.Nc3 Nbd7 6.Qc2 Bd6 7.Bd3 O-O 8.O-O dxc4
9.Bxc4 a6 10.Rd1 b5 11.Be2 Qc7 12.Ne4 Nxe4 13.Qxe4 e5 14.Qh4 Bb7 15.b3 c5
16.dxc5 Nxc5 17.Bb2 e4 18.Nd4 Be5 19.Rac1 Qb6 20.Qe7 Nd3 21.Bxd3 Rfe8 22.Qg5 exd3
23.Rxd3 Rad8 24.f3 Rd5 25.Qh4 Qg6 26.e4 Bd6 27.Qf2 Rh5 28.g3 Bc5 29.Kg2 Bc8
30.Kh1 Bb7 31.Kg2  1/2-1/2

[Event "World Youth U18"]
[Site "Antalya TUR"]
[Date "2009.11.21"]
[Round "10"]
[White "Bukavshin,I"]
[Black "Janev,T"]
[Result "1-0"]
[WhiteElo "2426"]
[BlackElo "2335"]

1.d4 d5 2.c4 c6 3.Nc3 Nf6 4.e3 e6 5.Nf3 Nbd7 6.Bd3 Bd6 7.e4 dxc4 8.Bxc4 e5
9.dxe5 Nxe5 10.Nxe5 Bxe5 11.Qxd8+ Kxd8 12.Bxf7 Bxc3+ 13.bxc3 Nxe4 14.O-O Ke7
15.Bb3 Bf5 16.f3 Nxc3 17.Re1+ Kd7 18.Re5 Bg6 19.Bb2 Nd5 20.Bxd5 cxd5 21.Rxd5+ Kc6
22.Rad1 Rhe8 23.Rd6+ Kc7 24.Rd7+ Kc6 25.R1d6+ Kb5 26.Rxb7+ Kc4 27.Rc7+ Kb5
28.a4+ Kb4 29.Rb7+ Kc4 30.Bxg7 Re2 31.Rd4+ Kc5 32.Rc7+ Kb6 33.Rdc4 Rd8 34.Bd4+ Rxd4
35.a5+ Kxa5 36.Rxd4 Kb6 37.Rc3 a5 38.Rb3+ Kc6 39.Rc4+  1-0

[Event "IV Open"]
[Site "Palma ESP"]
[Date "2009.11.21"]
[Round "1"]
[White "Genutis,M"]
[Black "Mateu Mir,G"]
[Result "1-0"]
[WhiteElo "2295"]
[BlackElo "1637"]

1.d4 d5 2.c4 c6 3.Nc3 Nf6 4.e3 e6 5.Nf3 Bb4 6.Bd2 O-O 7.Bd3 c5 8.a3 cxd4
9.exd4 dxc4 10.Bxc4 Be7 11.O-O Nc6 12.Bg5 a6 13.Qd2 b5 14.Bd3 Bb7 15.Rad1 Qc7
16.Bb1 Rfd8 17.Rfe1 Rd7 18.Qc2 g6 19.Ba2 Rad8 20.Bxf6 Bxf6 21.d5 Ne5 22.Nxe5 Bxe5
23.dxe6 Rxd1 24.exf7+ Kf8 25.Rxd1 Rxd1+ 26.Qxd1 Bxh2+ 27.Kh1 Be5 28.Qd2 Qe7
29.Qh6+ Bg7 30.Qe3 Be5 31.Kg1 Qf6 32.Qh6+ Qg7 33.Qh4 Bf6 34.Qf4  1-0

[Event "World Youth U18"]
[Site "Antalya TUR"]
[Date "2009.11.22"]
[Round "11"]
[White "Martinovic,Sa"]
[Black "Salgado Lopez,I"]
[Result "1/2-1/2"]
[WhiteElo "2483"]
[BlackElo "2562"]

1.d4 d5 2.c4 c6 3.Nc3 Nf6 4.e3 e6 5.Nf3 Nbd7 6.Qc2 Bd6 7.e4 Nxe4 8.Nxe4 dxe4
9.Qxe4 Nf6 10.Qc2 b6 11.Be2 Bb7 12.O-O c5 13.dxc5 bxc5 14.Bg5 O-O 15.Rfd1 Qc7
16.Bxf6 gxf6 17.h3 Rab8 18.Ne1 Bh2+ 19.Kh1 Be5 20.Rab1 Rfd8 21.b3 Bd4 22.Bf3 Qf4
23.Nd3 Qf5 24.Bxb7 Rxb7 25.Qe2 Rbd7 26.g4 Qg5 27.f4 Qh4 28.Kg2 f5 29.Qf3 f6
30.Qg3 Qxg3+ 31.Kxg3 fxg4 32.hxg4 Be3 33.Nb2 Rxd1 34.Nxd1 Bd2 35.Kf3 Rd4
36.Ne3 Rd3 37.Ke2 Rxe3+ 38.Kxd2 Rf3 39.Re1 Kf7 40.Rh1 Kg7 41.Rh5 Rxf4 42.Rxc5 Rf2+
43.Kd3 Rxa2 44.Rc7+ Kg6 45.c5 Kg5 46.c6 Ra1 47.Kd2 Ra6 48.b4 Rb6 49.Kc3 a6
50.Kc4 Kxg4 51.Kc5 Rb5+ 52.Kc4 Rb6 53.Kc5  1/2-1/2